| 000 | 00705cam a22002411 4500 | ||
|---|---|---|---|
| 001 | 7924136 | ||
| 003 | OSt | ||
| 005 | 20230620112331.0 | ||
| 008 | 721127s1955 enk 000 0 eng | ||
| 010 | _a 55003241 | ||
| 015 | _aGB55-8324 | ||
| 035 | _a(OCoLC)501835 | ||
| 040 |
_aDLC _cODaWU _dOCoLC _dUk _dDLC |
||
| 042 | _apremarc | ||
| 082 |
_a320.94 _bWHE |
||
| 100 | 1 |
_aWheare, K. C. _q(Kenneth Clinton), _d1907- |
|
| 245 | 1 | 0 |
_aGovernment by committee; _ban essay on the British Constitution. |
| 260 |
_aOxford, _bClarendon Press, _c1955. |
||
| 300 |
_a264 p. _c23 cm. |
||
| 651 | 0 |
_aGreat Britain _xPolitics and government. |
|
| 906 |
_a7 _bcbc _coclcrpl _du _encip _f19 _gy-gencatlg |
||
| 942 |
_2ddc _cBK |
||
| 999 |
_c1638 _d1638 |
||